000 01548nam a2200457 i 4500
001 21312
003 CZ PrNK
005 20260226122813.0
007 ta
008 190322s2019 xr a b 000 j slo
015 _acnb003084183
020 _a9788075673572
_q(vázáno)
035 _a(OCoLC)1100763803
040 _aBOA001
_bcze
_dABA001
_erda
041 1 _aslo
_hcze
072 7 _a821.162.3-3
_xČeská próza
_2Konspekt
072 7 _a821-93
_xLiteratura pro děti a mládež (beletrie)
_2Konspekt
080 _a821.162.3-34
_2MRF
080 _a821-93
_2MRF
080 _a(0:82-34)
_2MRF
100 1 _aPilařová, Ivana
_4aut
245 1 0 _aNajkrajšie rozprávky pre najmenších /
_cnapísala: Ivana Pilařová a Alexandra Niklíčková ; preklad: Marianna Strapcová ; ilustrácie: Petr Bauer
250 _a1. vydanie
264 1 _aŘíčany :
_bSun, s.r.o.,
_c2019
300 _a103 stran :
_bbarevné ilustrace ;
_c22 cm
336 _atext
_btxt
_2rdacontent
336 _astatický obraz
_bsti
_2rdacontent
337 _abez média
_bn
_2rdamedia
338 _asvazek
_bnc
_2rdacarrier
500 _aPřeloženo z češtiny
655 7 _ačeské pohádky
_2czenas
655 7 _apublikace pro děti
_2czenas
655 9 _aCzech fairy tales
_2eczenas
655 9 _achildren's literature
_2eczenas
700 1 _aNiklíčková, Alexandra,
_d1978-
_4aut
700 1 _aStrapcová, Marianna
_4trl
700 1 _aBauer, Petr,
_d1963-
_4ill
901 _b9788075673572
_f1. vydanie
_o20190424
910 _aABA001
942 _2ddc
_cKLDE
_n0
999 _c21312
_d21312